00797nam a2200229Ia 4500008004100000082002500041100002900066245003900095250001800134260003700152260003100189260000900220300001000229500004300239650001500282650004000297650002100337650003700358942001500395999001700410952014000427260312s9999 xx 000 0 und d a322.1 F826c 1979 HNA aFrancou, Francois935482 0aChile: el socialismo y la iglesia. a1a. edición aObra Nacional de la buena prensa bDistrito Federal, México c1979 a208p. aColección Humberto Nogueira Alcalá aChile9121 aIglesia y problemas sociales917934 aSocialismo92490 aSocialismo y cristianismo935483 2ddccLIBRO c20299d20299 00102ddc40708CGaBCbBCd2025-08-30eDonación Humberto Nogueiral0o322.1 F826c 1979 HNAp27471r2026-04-20t1w2026-04-20yLIBRO